Selected speeches and statements of the Quaid-i-Azam Mohammad Ali Jinnah, 1911-34 and 1947-48 (Record no. 76820)

MARC details
000 -LEADER
fixed length control field 00919cam a22002531 4500
001 - CONTROL NUMBER
control field sa 67007852
003 - CONTROL NUMBER IDENTIFIER
control field DLC
005 - DATE AND TIME OF LATEST TRANSACTION
control field 20260227112419.0
008 - FIXED-LENGTH DATA ELEMENTS--GENERAL INFORMATION
fixed length control field 810608s1966 pk 000 0 eng
010 ## - LIBRARY OF CONGRESS CONTROL NUMBER
LC control number sa 67007852
025 ## - OVERSEAS ACQUISITION NUMBER
Overseas acquisition number PL480:P-E-993
035 ## - SYSTEM CONTROL NUMBER
System control number (OCoLC)7483149
040 ## - CATALOGING SOURCE
Original cataloging agency DLC
Transcribing agency NIC
Modifying agency DLC
042 ## - AUTHENTICATION CODE
Authentication code premarc
050 00 - LIBRARY OF CONGRESS CALL NUMBER
Classification number DS385.J5
Item number A53 1966
082 ## - DEWEY DECIMAL CLASSIFICATION NUMBER
Classification number 320.9/549
100 1# - MAIN ENTRY--PERSONAL NAME
Personal name Jinnah, Mahomed Ali,
Dates associated with a name 1876-1948.
245 10 - TITLE STATEMENT
Title Selected speeches and statements of the Quaid-i-Azam Mohammad Ali Jinnah, 1911-34 and 1947-48
Statement of responsibility, etc. Collected & edited by M. Rafique Afzal; with a foreword by S. M. Ikram
260 ## - PUBLICATION, DISTRIBUTION, ETC.
Place of publication, distribution, etc. Lahore
Name of publisher, distributor, etc. Research Society of Pakistan, University of the Punjab
Date of publication, distribution, etc. [1966].
300 ## - PHYSICAL DESCRIPTION
Extent xvii, 475 p.
Dimensions 25 cm.
490 1# - SERIES STATEMENT
Series statement Publication of the Research Society of Pakistan
Volume/sequential designation no. 3
700 1# - ADDED ENTRY--PERSONAL NAME
Personal name Afzal. M. Raflique
Relator term ed.
830 #0 - SERIES ADDED ENTRY--UNIFORM TITLE
Uniform title Publication (Research Society of Pakistan) ;
Volume/sequential designation no. 3.

No items available.

Powered by Koha